00609 2200205 4500001002100000005001500021035002000036007000300056008004100059020001500100082001000115084001600125100003100141245011400172250001100286260004900297300003500346650001100381990001100392INLIS00000000000833220210419104509 a0010-0421000476ta210419 g 0 ind  a9798492110 a363.2 a363.2 DR. p0 aDr. Bibit Samad Rianto. MM1 aPemikiran Menuju Polri Yang Profesional, Mandiri, Berwibawa dan Dicintai Rakyat /cDr. Bibit Samad Rianto. MM aCet. 1 aJakarta :bPTIK Press dan Restu Agung,c2006 axv, 310 hlm :b. ;c14 x 21 cm 4aPOLISI a4543 A